Nom latin des villes de Gaule commençant par T,U ou V - Statistiques

Statistiques générales
  • Ce quiz a été pris 27 fois
  • Le résultat moyen est 5 sur 9
Statistiques - réponses
Hint Réponse % Correct
Vienna Vienne
95%
Tolosa Toulouse
86%
Taruenna Thérouanne
82%
Vesontio Besançon
50%
Telo Martius Toulon
50%
Tres tabernae Saverne
45%
Tullum leucorum Toul
45%
Vindilis Belle-île-en-Mer
36%
Ugernum Beaucaire
32%
Aucun quiz correspondant
Distribution des résultats
% des personnes avec chaque résultat
Percentile par nombre de réponses
Votre historique - résultats
Vous n’avez pas pris ce quiz